| 000 | 01708nam a2200385 c 4500 | ||
|---|---|---|---|
| 003 | BLK | ||
| 005 | 20220615131957.0 | ||
| 008 | 180408b bul|||||r ||||||| ||bul|| | ||
| 010 | _aKNG00094351000 | ||
| 020 |
_a978-954-431-385-2 _bиздат.: Златното пате |
||
| 040 | _aBLK | ||
| 041 |
_aBUL _cBUL |
||
| 080 |
_aКучета _b636.7 _x _z636.7 |
||
| 700 | 1 |
_aАлександрова, Елена Ивановна _eтекст _9303669 |
|
| 700 | 1 |
_aПеткова, Т. _eпрев. от рус. _9303670 |
|
| 700 | 1 |
_aКонкова, Е. В. _eил. _981918 |
|
| 139 |
_aАлександрова, Елена Ивановна _bА 51 |
||
| 245 | 1 | 0 |
_aКучета _bВ помощ на ученика _cтекст Елена Ивановна Александрова; прев. от рус. Т. Петкова; ил. Е. В. Конкова. |
| 257 | _aRUS | ||
| 260 |
_аСофия _bЗлатното пате _c2008 _fСофия : Образование и наука |
||
| 300 |
_a96 с. _bс цв. ил. _c25 см |
||
| 380 | _aDN | ||
| 490 | 1 |
_aПоредица Опознай света _vКн. 4 |
|
| 500 | _aБез сведение за ориг. загл. : Ориг. загл. Собаки. - Авт. отбелязана в библиогр. каре, означена като Е. И. Александрова. - Азб. показалец. | ||
| 650 | 4 |
_aКучета _9160024 |
|
| 653 | _aкучета | ||
| 653 | _aпороди | ||
| 653 | _aдетска литература | ||
| 653 | _aлитература за деца | ||
| 852 | _aЦб 247200 | ||
| 856 | 4 |
_qpdf _u |
|
| 856 | 4 |
_qpdf _u |
|
| 942 |
_cKNG _n0 _08 |
||
| 944 |
_aCR _c15.02.2010 _lф / _kЛюдмила_Стоянова |
||
| 944 |
_aED _c30.10.2012 _lф / _k |
||
| 999 |
_c89650 _d89650 |
||